NBA players by emoji - Statistics

General Stats
  • This quiz has been taken 2,829 times
  • The average score is 7 of 15
Answer Stats
Hint Answer % Correct
πŸ‘‘ Lebron James
99%
🌹 derrick rose
94%
🐐 michael jordan
83%
🐍 Kevin Durant
82%
πŸ’― wilt chamberlain
60%
🌎 ✌️ metta world peace
52%
big πŸ‘Ά Glen Davis
43%
🐦 πŸ‘¨ Chris Anderson
38%
πŸ’¦ klay thompson
33%
🎀 πŸ’΅ damian lillard
26%
??...... (πŸ’¬ ) Allen Iverson
25%
πŸš€πŸ‘²πŸ» Yao Ming
20%
πŸ‘΄πŸ½ vince carter
18%
πŸ‘²πŸ» Jeremy Lin
14%
🐲 dragan bender
9%
No matching quizzes found
Score Distribution
Percent of People with Each Score
Percentile by Number Answered
Your Score History
You have not taken this quiz